[Event "NNM LAG"]
[Site "SCANDIC TROMSØ"]
[Date "2009.02.20"]
[Round "3"]
[White "Berglund, Jan S."]
[Black "Schjelderup, Nils J."]
[Result "1/2-1/2"]
[WhiteElo "2018"]
[BlackElo "1545"]
[PlyCount "82"]
[EventDate "2009.??.??"]

1. d4 d6 2. g3 g6 3. Bg2 Bg7 4. Nf3 Nf6 5. O-O O-O 6. c4 Nbd7 7. Nc3 e5 8. dxe5
dxe5 9. Qc2 c6 10. b3 Qe7 11. a4 Re8 12. Ba3 Nc5 13. e4 Bg4 14. h3 Bxf3 15.
Bxf3 Bf8 16. Kg2 Qc7 17. Rae1 Rad8 18. Bxc5 Bxc5 19. Re2 h6 20. Kh2 Rd4 21. Rd1
Red8 22. Red2 a5 23. Rxd4 Rxd4 24. Rxd4 Bxd4 25. Kg2 Qb6 26. Na2 Nd7 27. Bd1
Kg7 28. Nc1 Nf6 29. Qe2 Qb4 30. Nd3 Qc3 31. f4 Nd7 32. Qc2 Qxc2+ 33. Bxc2 f6
34. Kf3 Kf7 35. f5 gxf5 36. exf5 Ke7 37. Nc1 Kf7 38. g4 Bb2 39. Ne2 Kg7 40. Ng3
Kf7 41. Ne4 Ba3 
1/2-1/2

[Event "NNM LAG"]
[Site "SCANDIC TROMSØ"]
[Date "2009.02.20"]
[Round "3"]
[White "Eide, Christer"]
[Black "Joensen, John"]
[Result "1/2-1/2"]
[WhiteElo "1217"]
[BlackElo "1747"]
[PlyCount "105"]
[EventDate "2009.??.??"]

1. e4 e5 2. Nf3 Nc6 3. Bc4 Bc5 4. c3 Nf6 5. d4 exd4 6. cxd4 Bb4+ 7. Nc3 Nxe4 8.
O-O Bxc3 9. bxc3 d5 10. Re1 O-O 11. Bd3 f5 12. Ba3 Re8 13. Qb3 Kh8 14. Bb5 Na5
15. Qb4 c6 16. Bd3 Be6 17. Ne5 Qc7 18. f3 Nf6 19. Re2 b5 20. Rae1 a6 21. Qd6
Qxd6 22. Bxd6 Rac8 23. Kf2 Kg8 24. Ba3 Nb7 25. Bc2 g6 26. Nd3 Bd7 27. Nc5 Nxc5
28. Bxc5 Rxe2+ 29. Rxe2 Re8 30. Rxe8+ Nxe8 31. Ke3 Kf7 32. Bb6 Nd6 33. Bd3 Ke6
34. Kf4 h6 35. h4 Nf7 36. g3 g5+ 37. hxg5 hxg5+ 38. Ke3 Bc8 39. f4 g4 40. Ke2
Nd6 41. Ke3 Nb7 42. Bc2 Kd6 43. Kd3 Be6 44. a3 Kd7 45. Ke3 Nd6 46. Bd3 Nc8 47.
Bc5 Kc7 48. Bc2 Nb6 49. Bb3 Bd7 50. Kd3 Nc8 51. Ke2 Nd6 52. Bc2 Bc8 53. Bd3
1/2-1/2

[Event "NNM LAG"]
[Site "SCANDIC TROMSØ"]
[Date "2009.02.20"]
[Round "3"]
[White "Hansen, Ola"]
[Black "Hammari, Jan Arnt"]
[Result "0-1"]
[WhiteElo "1531"]
[BlackElo "1504"]
[PlyCount "74"]
[EventDate "2009.??.??"]

1. e4 e5 2. Nf3 Nc6 3. Qe2 d6 4. d3 Be7 5. c3 Nf6 6. g3 Bg4 7. Bg2 Qd7 8. h3
Bh5 9. g4 Bg6 10. Nh4 O-O-O 11. Nf5 Rdg8 12. Be3 h5 13. Nd2 hxg4 14. hxg4 Rxh1+
15. Bxh1 Bf8 16. O-O-O Rh8 17. f3 Kb8 18. Bg2 Bh7 19. Rh1 g6 20. Ng3 Bg7 21.
Bh3 Qe8 22. g5 Nh5 23. Nxh5 gxh5 24. Bf5 Bg6 25. Qf2 b6 26. Bh3 Na5 27. Bf1 c5
28. d4 Qa4 29. dxc5 dxc5 30. Qe2 Kc7 31. Qb5 Qxa2 32. b4 cxb4 33. cxb4 Qa1+ 34.
Kc2 Nc6 35. Nc4 Qa2+ 36. Kd1 Rb8 37. Qd5 Qa4+ 
0-1

[Event "NNM LAG"]
[Site "SCANDIC TROMSØ"]
[Date "2009.02.20"]
[Round "3"]
[White "Hammari, Per Åge"]
[Black "Rølvåg, Birk Anders"]
[Result "0-1"]
[WhiteElo "1449"]
[BlackElo "1738"]
[PlyCount "130"]
[EventDate "2009.??.??"]

1. e4 c5 2. Nc3 g6 3. Nge2 Bg7 4. g3 Nc6 5. Bg2 d6 6. d3 Nf6 7. O-O O-O 8. Be3
Bd7 9. Qd2 Ng4 10. h3 Nxe3 11. fxe3 Rb8 12. a4 a6 13. d4 e6 14. Nd1 Qc7 15. c3
Na5 16. Nc1 c4 17. Nf2 Qd8 18. Kh2 h5 19. Qd1 Qg5 20. Re1 h4 21. g4 b6 22. b4
cxb3 23. Nxb3 Nc4 24. Qe2 b5 25. a5 Rbc8 26. Nd3 Bh6 27. Nb4 Nxe3 28. Qd3 Nxg2
29. Kxg2 Ra8 30. Rf1 Qe3 31. Qxe3 Bxe3 32. Rf3 Bh6 33. Rb1 Bc8 34. d5 exd5 35.
exd5 Bb7 36. Nd4 Bg7 37. Ndc6 Rae8 38. Rf2 Re4 39. Kf1 Be5 40. Ne7+ Kg7 41.
Nbc6 Bg3 42. Re2 Rxe2 43. Kxe2 Re8 44. Kd3 Be5 45. Re1 Bf6 46. Nf5+ gxf5 47.
Rxe8 fxg4 48. hxg4 Kg6 49. Rb8 h3 50. Re8 Kg5 51. c4 bxc4+ 52. Kxc4 Kxg4 53.
Nd4 Be5 54. Rg8+ Kh5 55. Nf3 f6 56. Rb8 h2 57. Rh8+ Kg6 58. Nxe5+ fxe5 59. Rxh2
Bc8 60. Rh8 Bg4 61. Rd8 e4 62. Rxd6+ Kf5 63. Rxa6 Be2+ 64. Kd4 Bxa6 65. d6 Ke6
0-1

[Event "NNM LAG"]
[Site "SCANDIC TROMSØ"]
[Date "2009.02.20"]
[Round "3"]
[White "Larsen, Helge"]
[Black "Larsen, Andreas"]
[Result "0-1"]
[WhiteElo "910"]
[BlackElo "1736"]
[PlyCount "40"]
[EventDate "2009.??.??"]

1. d4 {[%emt 0:00:00]} d5 {[%emt 0:00:00]} 2. Nc3 c6 3. e4 dxe4 4. Nxe4 Nf6 5.
Nxf6+ gxf6 6. Be3 Bf5 7. Bd3 Bg6 8. Nf3 e6 9. O-O Bd6 10. Bxg6 hxg6 11. c4 Qc7
12. g3 g5 13. c5 Be7 14. Qc1 Nd7 15. b4 O-O-O 16. Qa3 Kb8 17. Nd2 Rh7 18. f3
Rdh8 19. Rf2 Qxg3+ 20. hxg3 Rh1+ 
0-1

[Event "NNM LAG"]
[Site "SCANDIC TROMSØ"]
[Date "2009.02.20"]
[Round "3"]
[White "Rafnung, Skjalg"]
[Black "Talberg, Kristian"]
[Result "1-0"]
[WhiteElo "1652"]
[BlackElo "1361"]
[PlyCount "67"]
[EventDate "2009.??.??"]

1. e4 e5 2. Nf3 Nc6 3. d4 exd4 4. Bc4 d6 5. c3 dxc3 6. Qb3 Qe7 7. O-O Na5 8.
Qb5+ Nc6 9. Nxc3 a6 10. Qa4 Be6 11. Nd5 Qd7 12. Bf4 Nf6 13. Nxf6+ gxf6 14. Rac1
Bxc4 15. Qxc4 Rg8 16. b4 Rc8 17. Rfd1 Qe6 18. Qc3 Ne5 19. Nd4 Qg4 20. Bg3 Bh6
21. Rb1 Bf4 22. Nf5 Bxg3 23. hxg3 Kd7 24. Nh6 Qxe4 25. Nxg8 Rxg8 26. Rbc1 c6
27. a4 f5 28. Rd4 Qe2 29. Re1 Qh5 30. Rxe5 Rg6 31. Qd3 Rf6 32. b5 axb5 33. axb5
c5 34. Rxc5 
1-0

[Event "NNM LAG"]
[Site "SCANDIC TROMSØ"]
[Date "2009.02.20"]
[Round "4"]
[White "Brasøy, Aksel"]
[Black "Flermoen, Peter"]
[Result "0-1"]
[WhiteElo "1936"]
[BlackElo "2012"]
[PlyCount "127"]
[EventDate "2009.??.??"]

1. e4 {[%emt 0:00:00]} c5 {[%emt 0:00:00]} 2. Nf3 Nc6 3. d4 cxd4 4. Nxd4 g6 5.
c4 Nf6 6. Nc3 Bg7 7. Be3 O-O 8. Be2 d6 9. O-O Bd7 10. Rc1 Nxd4 11. Bxd4 Bc6 12.
f3 Nd7 13. Be3 a5 14. b3 Nc5 15. Qd2 Qb6 16. Nd5 Bxd5 17. exd5 Qb4 18. Rfe1
Rfd8 19. Bf1 Rd7 20. Rc2 b6 21. Qf2 Na6 22. Bxb6 Nc5 23. Bxc5 dxc5 24. Qh4 Bf6
25. Qe4 Rda7 26. Rb1 a4 27. Qe1 Qxe1 28. Rxe1 axb3 29. axb3 Rb8 30. Rb1 Rab7
31. Kf2 Rxb3 32. Rxb3 Rxb3 33. Ra2 Kg7 34. g3 h5 35. h4 Be5 36. Re2 Kf6 37. Kg2
Rc3 38. Ra2 Bd6 39. Rd2 Kg7 40. Ra2 f6 41. Kf2 g5 42. Be2 Kg6 43. Rd2 gxh4 44.
gxh4 Kf5 45. Ra2 Rc1 46. Bf1 Rd1 47. Re2 Rd4 48. Bh3+ Kf4 49. Rc2 f5 50. Bf1
Be5 51. Be2 Bf6 52. Kg2 Bxh4 53. Ra2 Ke3 54. Rc2 Rd2 55. Rxd2 Kxd2 56. Bf1 Ke3
57. Kh3 Be1 58. Bg2 f4 59. Kh2 Bg3+ 60. Kg1 Ke2 61. Bf1+ Kxf3 62. Bd3 h4 63.
Bf1 Ke3 64. Kg2 0-1

[Event "NNM LAG"]
[Site "SCANDIC TROMSØ"]
[Date "2009.02.20"]
[Round "4"]
[White "Zhuravlev, Sergey"]
[Black "Paulsen, Viktor"]
[Result "0-1"]
[WhiteElo "2031"]
[BlackElo "1779"]
[PlyCount "46"]
[EventDate "2009.??.??"]

1. e4 {[%emt 0:00:00]} e5 {[%emt 0:00:00]} 2. Nc3 Nc6 3. f4 d6 4. Nf3 Be7 5.
Bb5 exf4 6. d4 Bh4+ 7. Kf1 a6 8. Bxc6+ bxc6 9. Bxf4 Be7 10. Kf2 Nf6 11. Re1 O-O
12. Qd2 Nh5 13. Be3 f5 14. Qd3 fxe4 15. Qxe4 d5 16. Qe5 Rf5 17. Bg5 Rxe5 18.
Rxe5 Bxg5 19. Nxg5 Nf6 20. Kg1 h6 21. Nf3 Bg4 22. Ne1 Nd7 23. Re3 Qf6 
0-1

[Event "NNM LAG"]
[Site "SCANDIC TROMSØ"]
[Date "2009.02.20"]
[Round "4"]
[White "Schjelderup, Nils J."]
[Black "Mikalsen, Odd Erling"]
[Result "0-1"]
[WhiteElo "1545"]
[BlackElo "1724"]
[PlyCount "66"]
[EventDate "2009.??.??"]

1. d4 {[%emt 0:00:00]} Nf6 2. Nf3 e6 3. e3 c5 4. Bd3 Qc7 5. b3 b5 6. Qe2 a6 7.
a4 bxa4 8. Rxa4 Bb7 9. Bb2 Be7 10. O-O Ng4 11. Nbd2 h5 12. Rfa1 a5 13. dxc5
Bxc5 14. Bxg7 Rg8 15. Bb2 Nxh2 16. Rh4 Nxf3+ 17. Nxf3 Na6 18. Be4 Bxe4 19. Rxe4
Nb4 20. c3 Nc6 21. Rea4 Rb8 22. Ba3 Be7 23. Bxe7 Kxe7 24. Nd2 Qb7 25. e4 Rg4
26. f3 Rg3 27. Nf1 Rg6 28. Rb1 Rbg8 29. g3 Qc7 30. Qf2 Ne5 31. f4 Nd3 32. Rc4
Nxf2 33. Rxc7 Nxe4 
0-1

[Event "NNM LAG"]
[Site "SCANDIC TROMSØ"]
[Date "2009.02.20"]
[Round "4"]
[White "Mikalsen, Erlend"]
[Black "Eide, Christer"]
[Result "1/2-1/2"]
[WhiteElo "1499"]
[BlackElo "1217"]
[PlyCount "106"]
[EventDate "2009.??.??"]

1. g3 d5 2. f4 Nf6 3. Nf3 e6 4. d3 c5 5. Bg2 Nc6 6. O-O Be7 7. Nc3 Qb6 8. h3
O-O 9. a3 Bd7 10. Qe1 c4+ 11. Kh1 cxd3 12. cxd3 Nd4 13. Nxd4 Qxd4 14. g4 Bc6
15. Qg3 Qb6 16. f5 d4 17. Ne4 Nxe4 18. dxe4 exf5 19. gxf5 f6 20. Bh6 Rf7 21. b4
Bf8 22. Rac1 Re8 23. Qg4 Bd6 24. Bf4 Be5 25. Rc5 Rfe7 26. h4 Bxf4 27. Rxf4 Re5
28. Rxe5 Rxe5 29. h5 h6 30. Qg3 Qb5 31. Qb3+ Kf8 32. Bf3 Qa4 33. Qxa4 Bxa4 34.
Rg4 a5 35. Rg1 axb4 36. axb4 Bc6 37. Rc1 Bxe4 38. Rc8+ Kf7 39. Rc7+ Kg8 40.
Bxe4 Rxe4 41. Rxb7 Rxe2 42. Rd7 Re5 43. Rxd4 Rxf5 44. Rh4 Rg5 45. Kh2 Kf7 46.
Kh3 Ke6 47. Kh2 Kd5 48. Kh3 Kc6 49. Kh2 Kb5 50. Kh3 Ka4 51. Kh2 Rb5 52. Kg3
Rg5+ 53. Kf3 Kb5 
1/2-1/2

[Event "NNM LAG"]
[Site "SCANDIC TROMSØ"]
[Date "2009.02.20"]
[Round "4"]
[White "Hammari, Jan Arnt"]
[Black "Kristensen, Kjell Ole"]
[Result "0-1"]
[WhiteElo "1504"]
[BlackElo "1994"]
[PlyCount "72"]
[EventDate "2009.??.??"]

1. e4 c5 2. Nf3 e6 3. d4 cxd4 4. Nxd4 Bc5 5. Nb3 Bb6 6. Nc3 Ne7 7. Be2 O-O 8.
O-O f5 9. Bg5 Nbc6 10. Qd2 h6 11. Be3 Bc7 12. f4 fxe4 13. Nxe4 d5 14. Nec5 Nf5
15. Bf2 b6 16. Nd3 Bb7 17. Rae1 Qd7 18. g4 Nd6 19. Bf3 Nc4 20. Qe2 Rae8 21. Bg3
a5 22. c3 a4 23. Nbc5 bxc5 24. Nxc5 Qf7 25. Nxe6 Nd8 26. f5 Bxg3 27. hxg3 Nxe6
28. fxe6 Qe7 29. b3 axb3 30. axb3 Nd6 31. Qe5 Ne4 32. Bxe4 dxe4 33. Rf7 Rxf7
34. exf7+ Qxf7 35. Qb5 e3 36. Qf5 Qxb3 
0-1

[Event "NNM LAG"]
[Site "SCANDIC TROMSØ"]
[Date "2009.02.20"]
[Round "4"]
[White "Moen, Steinar"]
[Black "Hammari, Per Åge"]
[Result "1-0"]
[WhiteElo "2109"]
[BlackElo "1449"]
[PlyCount "51"]
[EventDate "2009.??.??"]

1. c4 e5 2. g3 c6 3. d4 e4 4. Nc3 d5 5. Bg2 Nf6 6. Bg5 Be7 7. cxd5 cxd5 8. Qb3
Nc6 9. Bxf6 Bxf6 10. e3 Be6 11. Nge2 Qd7 12. Nf4 Rd8 13. O-O O-O 14. Rac1 Na5
15. Qb5 Nc4 16. Qxd7 Rxd7 17. Nxe4 dxe4 18. Nxe6 fxe6 19. Rxc4 b5 20. Rc5 Rd5
21. Rfc1 Be7 22. Rc7 Bd6 23. R7c6 Bb4 24. Bxe4 Rd7 25. Rxe6 Rdf7 26. Rc2 
1-0

[Event "NNM LAG"]
[Site "SCANDIC TROMSØ"]
[Date "2009.02.20"]
[Round "4"]
[White "Aanstad, Magnus"]
[Black "Larsen, Helge"]
[Result "1-0"]
[WhiteElo "1898"]
[BlackElo "910"]
[PlyCount "51"]
[EventDate "2009.??.??"]

1. e4 c5 2. d4 cxd4 3. c3 e5 4. Nf3 Nc6 5. Bc4 h6 6. O-O d6 7. cxd4 Bg4 8. dxe5
Nxe5 9. Bb5+ Nc6 10. Qa4 Bxf3 11. Bxc6+ bxc6 12. Qxc6+ Ke7 13. gxf3 Rc8 14. Qa4
Kf6 15. Nc3 Kg6 16. f4 Kh7 17. Qxa7 Rc5 18. Qxf7 Nf6 19. f5 Rc7 20. Qg6+ Kg8
21. Bf4 Rb7 22. Rad1 Qb6 23. Rd2 h5 24. Rfd1 Rd7 25. Bg5 Ng4 26. Nd5 
1-0

[Event "NNM LAG"]
[Site "SCANDIC TROMSØ"]
[Date "2009.02.20"]
[Round "4"]
[White "Talberg, Kristian"]
[Black "Rølvåg, Mikael"]
[Result "0-1"]
[WhiteElo "1361"]
[BlackElo "2063"]
[PlyCount "51"]
[EventDate "2009.??.??"]

1. d4 Nf6 2. c4 e6 3. Nc3 Bb4 4. Qc2 Nc6 5. Nf3 d6 6. Bg5 h6 7. Bh4 Qe7 8. e3
e5 9. d5 Bxc3+ 10. bxc3 Nb8 11. Nd2 Nbd7 12. f3 g5 13. Bf2 e4 14. h4 Rg8 15.
hxg5 hxg5 16. O-O-O Nc5 17. Nb3 Bf5 18. Nxc5 dxc5 19. Bg3 O-O-O 20. Be2 Ne8 21.
fxe4 Bxe4 22. Bd3 Nf6 23. Rdf1 Bxd3 24. Qxd3 Ne4 25. Be1 Rh8 26. Qe2 
0-1

[Event "NNM LAG"]
[Site "SCANDIC TROMSØ"]
[Date "2009.02.20"]
[Round "4"]
[White "Rølvåg, Birk Anders"]
[Black "Arvola, Benjamin"]
[Result "0-1"]
[WhiteElo "1738"]
[BlackElo "2114"]
[PlyCount "64"]
[EventDate "2009.??.??"]

1. e4 c5 2. Nc3 a6 3. d3 e6 4. g3 b5 5. Bg2 Bb7 6. Be3 Nf6 7. f3 Be7 8. Qd2 d6
9. Nge2 Nbd7 10. O-O Qc7 11. f4 d5 12. exd5 exd5 13. d4 O-O 14. Rad1 c4 15. f5
b4 16. Nb1 Bd6 17. Bf4 Rfe8 18. Rfe1 Ne4 19. Bxe4 Rxe4 20. c3 a5 21. Bxd6 Qxd6
22. Nf4 Nf6 23. Rxe4 Nxe4 24. Qe3 Re8 25. Re1 Bc8 26. g4 Bd7 27. Qf3 h6 28. Nh5
Kh7 29. Qf4 Qb6 30. Ng3 Ng5 31. Qf1 Rxe1 32. Qxe1 Nf3+ 
0-1

[Event "NNM LAG"]
[Site "SCANDIC TROMSØ"]
[Date "2009.02.20"]
[Round "4"]
[White "Larsen, Andreas"]
[Black "Jessen, Simon Pind"]
[Result "1/2-1/2"]
[WhiteElo "1736"]
[BlackElo "1962"]
[PlyCount "47"]
[EventDate "2009.??.??"]

1. d4 d5 2. Nf3 Nf6 3. e3 e6 4. Bd3 c5 5. c3 Nc6 6. O-O Bd6 7. Nbd2 O-O 8. e4
cxd4 9. cxd4 e5 10. exd5 Nxd4 11. Nxd4 exd4 12. Ne4 Nxe4 13. Bxe4 Bxh2+ 14.
Kxh2 Qh4+ 15. Kg1 Qxe4 16. Qb3 Rd8 17. Bg5 f6 18. Rfe1 Qg6 19. Bf4 Qf7 20. Rad1
g5 21. Bg3 Rxd5 22. Re8+ Qxe8 23. Qxd5+ Be6 24. Qxd4 
1/2-1/2

[Event "NNM LAG"]
[Site "SCANDIC TROMSØ"]
[Date "2009.02.20"]
[Round "4"]
[White "Røyset, Pål"]
[Black "Rafnung, Skjalg"]
[Result "1-0"]
[WhiteElo "2228"]
[BlackElo "1652"]
[PlyCount "63"]
[EventDate "2009.??.??"]

1. e4 d5 2. exd5 Nf6 3. d4 Bg4 4. Be2 Bxe2 5. Qxe2 Qxd5 6. Nf3 e6 7. O-O Be7 8.
c4 Qd8 9. Re1 O-O 10. Nc3 Re8 11. Bf4 c6 12. Rad1 Qa5 13. Ne5 Nbd7 14. g4 Rad8
15. g5 Nxe5 16. gxf6 Ng6 17. fxe7 Nxf4 18. Qg4 Rxe7 19. Qxf4 Red7 20. d5 cxd5
21. cxd5 h6 22. b4 Qa6 23. dxe6 fxe6 24. Rxd7 Rxd7 25. Qg4 Rd6 26. Re5 Kh8 27.
h4 Qd3 28. Re3 Qd2 29. Rg3 Qe1+ 30. Kg2 g5 31. hxg5 Rd2 32. Qf4 
1-0

[Event "NNM LAG"]
[Site "SCANDIC TROMSØ"]
[Date "2009.02.20"]
[Round "4"]
[White "Berglund, Jan S."]
[Black "Hansen, Ola"]
[Result "1/2-1/2"]
[WhiteElo "2018"]
[BlackElo "1531"]
[PlyCount "34"]
[EventDate "2009.??.??"]

1. d4 d5 2. e3 e6 3. Bd3 Nf6 4. Nd2 c5 5. c3 Nc6 6. f4 Bd6 7. Qf3 cxd4 8. exd4
Qc7 9. Ne2 b6 10. O-O Ne7 11. a4 O-O 12. h3 g6 13. g4 h5 14. Qg2 hxg4 15. hxg4
Kg7 16. Nf3 Nxg4 17. Ne5 Nh6 
1/2-1/2

[Event "NNM LAG"]
[Site "SCANDIC TROMSØ"]
[Date "2009.02.20"]
[Round "5"]
[White "Hammari, Per Åge"]
[Black "Brasøy, Aksel"]
[Result "1/2-1/2"]
[WhiteElo "1449"]
[BlackElo "1936"]
[PlyCount "129"]
[EventDate "2009.??.??"]

1. e4 c5 2. Nc3 Nc6 3. Bc4 e6 4. d3 a6 5. a4 g6 6. Nge2 Bg7 7. O-O Nge7 8. Bg5
O-O 9. f4 d6 10. Bh4 Qc7 11. Bg3 Nd4 12. Nxd4 cxd4 13. Ne2 e5 14. Kh1 Be6 15.
fxe5 dxe5 16. Bxe6 fxe6 17. Rxf8+ Rxf8 18. Nxd4 Qb6 19. Nf3 Nc6 20. Rb1 Qa5 21.
c3 Qc5 22. Qe2 Qa5 23. Qc2 Qc5 24. Qb3 Nd8 25. Qc2 Nf7 26. Bf2 Qd6 27. b4 Rd8
28. Rd1 Qc6 29. c4 b6 30. b5 axb5 31. axb5 Qc7 32. Ra1 Bf8 33. h3 Bc5 34. Ne1
Rf8 35. Bxc5 Qxc5 36. Nf3 Rd8 37. Qe2 Qd6 38. Ne1 Qd7 39. Qd2 Qd4 40. Ra7 Rd7
41. Rxd7 Qxd7 42. Nf3 Kg7 43. Qe3 Qc7 44. g4 h6 45. Kg2 g5 46. h4 gxh4 47. Kh3
Qd8 48. Nxh4 Ng5+ 49. Kg3 Qf8 50. Qf2 Qa3 51. Qe2 Qf8 52. Ng2 Qa3 53. Ne1 Qc1
54. Qf2 Qd1 55. Qe3 Qb1 56. Nf3 Nxf3 57. Qxf3 Qg1+ 58. Kh3 Kg6 59. Kh4 Qh2+ 60.
Qh3 Qf2+ 61. Qg3 Qf6+ 62. Kh3 Qf1+ 63. Kh2 Qe2+ 64. Kg1 Qd1+ 65. Kg2 1/2-1/2

[Event "NNM LAG"]
[Site "SCANDIC TROMSØ"]
[Date "2009.02.20"]
[Round "5"]
[White "Paulsen, Viktor"]
[Black "Talberg, Kristian"]
[Result "1-0"]
[WhiteElo "1779"]
[BlackElo "1361"]
[PlyCount "71"]
[EventDate "2009.??.??"]

1. d4 Nf6 2. Bg5 h6 3. Bxf6 exf6 4. e4 d6 5. f4 g6 6. Nf3 Bg7 7. Nc3 Qe7 8. Bd3
c6 9. Qe2 O-O 10. O-O-O b5 11. h3 b4 12. Nb1 a5 13. c3 bxc3 14. Nxc3 Ba6 15. g4
Re8 16. Qc2 Nd7 17. f5 Bxd3 18. Qxd3 c5 19. Nd5 Qd8 20. Rh2 c4 21. Qc2 g5 22.
h4 Nb6 23. Nc3 a4 24. a3 Qc7 25. Rdh1 d5 26. hxg5 Qf4+ 27. Nd2 fxg5 28. e5 Qxd4
29. f6 Bf8 30. Rxh6 Bxh6 31. Rxh6 Qd3 32. Qd1 Rxe5 33. Qh1 Re1+ 34. Qxe1 Nd7
35. Qh1 Nxf6 36. Rh8+ 1-0

[Event "NNM LAG"]
[Site "SCANDIC TROMSØ"]
[Date "2009.02.20"]
[Round "5"]
[White "Mikalsen, Odd Erling"]
[Black "Hammari, Jan Arnt"]
[Result "0-1"]
[WhiteElo "1724"]
[BlackElo "1504"]
[PlyCount "102"]
[EventDate "2009.??.??"]

1. e4 {[%emt 0:00:00]} c5 {[%emt 0:00:00]} 2. Nc3 Nc6 3. f4 d6 4. Bb5 a6 5.
Bxc6+ bxc6 6. Nf3 e6 7. O-O Nf6 8. d3 d5 9. Qe1 Be7 10. Qg3 Nh5 11. Qf2 g6 12.
Ne5 Qd6 13. b3 Bf6 14. Ba3 {[%emt 0:00:00]} Bxe5 15. fxe5 Qxe5 16. Qxc5 Qc7 17.
exd5 Bb7 18. dxc6 Bxc6 19. Rxf7 Kxf7 20. Rf1+ Kg7 21. Ne4 Qa7 22. Bb2+ Kh6 23.
Qxa7 Rxa7 24. Bxh8 Ng7 25. Nd6 Nf5 26. Be5 Rd7 27. Nxf5+ gxf5 28. d4 Be4 29. c4
Kg6 30. h3 h5 31. Rc1 Rd8 32. c5 Rc8 33. Rc3 h4 34. g3 Kh5 35. Re3 Rg8 36. g4+
Kg5 37. Rxe4 fxe4 38. Kf2 Rf8+ 39. Ke3 Rf3+ 40. Kxe4 Rxh3 41. c6 Kxg4 42. d5
exd5+ 43. Kxd5 Kf5 44. Bb8 Rd3+ 45. Kc5 Ke6 46. Kb6 Rd4 47. a3 h3 48. Kb7 Rd5
49. Kxa6 Rd6 50. Kb5 h2 51. c7 Kd7 0-1

[Event "NNM LAG"]
[Site "SCANDIC TROMSØ"]
[Date "2009.02.20"]
[Round "5"]
[White "Larsen, Helge"]
[Black "Mikalsen, Erlend"]
[Result "0-1"]
[WhiteElo "910"]
[BlackElo "1499"]
[PlyCount "56"]
[EventDate "2009.??.??"]

1. d4 f5 2. Nc3 Nf6 3. Nf3 g6 4. Bf4 Bg7 5. Qd2 O-O 6. Bh6 d6 7. Bxg7 Kxg7 8.
O-O-O c6 9. e3 b5 10. b4 a5 11. a3 Na6 12. Nb1 Ne4 13. Qe1 Nc7 14. Bd3 axb4 15.
axb4 Be6 16. Bxe4 fxe4 17. Ng5 Bd5 18. Qc3 Rxf2 19. Rd2 Rxd2 20. Qxd2 Ra1 21.
Qc3 Qa8 22. Kd2 Qa2 23. Nxe4 Rxb1 24. Rxb1 Qxb1 25. Qd3 Qxb4+ 26. Nc3 Bc4 27.
Qe4 Nd5 28. Kc1 Qxc3 0-1

[Event "NNM LAG"]
[Site "SCANDIC TROMSØ"]
[Date "2009.02.20"]
[Round "5"]
[White "Rafnung, Skjalg"]
[Black "Zhuravlev, Sergey"]
[Result "0-1"]
[WhiteElo "1652"]
[BlackElo "2031"]
[PlyCount "62"]
[EventDate "2009.??.??"]

1. e4 c5 2. Nc3 Nc6 3. f4 g6 4. Nf3 Bg7 5. Bc4 d6 6. d3 e6 7. f5 Nd4 8. O-O Nh6
9. Kh1 exf5 10. Bg5 Qa5 11. Nxd4 cxd4 12. Nb5 Qb6 13. Bf4 O-O 14. Nxd6 fxe4 15.
Bxh6 Qxd6 16. Bxg7 Kxg7 17. dxe4 Be6 18. Qd3 Rae8 19. Bb5 Rc8 20. Ba4 Bc4 21.
Qf3 Bxf1 22. Rxf1 f5 23. Rd1 Qe7 24. Rxd4 fxe4 25. Qd1 Rcd8 26. c3 Rxd4 27.
cxd4 e3 28. Bb5 Qb4 29. Be2 Qd2 30. Kg1 Qxd1+ 31. Bxd1 Rd8 0-1

[Event "NNM LAG"]
[Site "SCANDIC TROMSØ"]
[Date "2009.02.20"]
[Round "5"]
[White "Flermoen, Peter"]
[Black "Rølvåg, Birk Anders"]
[Result "1-0"]
[WhiteElo "2012"]
[BlackElo "1738"]
[PlyCount "49"]
[EventDate "2009.??.??"]

1. e4 c5 2. Nf3 Nc6 3. d4 cxd4 4. Nxd4 g6 5. Nc3 Bg7 6. Be3 d6 7. Qd2 Nf6 8. f3
O-O 9. Bc4 Bd7 10. O-O-O Rc8 11. Bb3 Na5 12. g4 Nxb3+ 13. axb3 h5 14. h4 Qa5
15. gxh5 Nxh5 16. Rdg1 Rc7 17. Kb1 Kh7 18. Qd3 Rfc8 19. Nd5 Bxd4 20. Bxd4 Rxc2
21. Bc3 R2xc3 22. Nxc3 Rc5 23. Qd4 Be6 24. b4 Qa1+ 25. Kxa1 1-0

[Event "NNM LAG"]
[Site "SCANDIC TROMSØ"]
[Date "2009.02.20"]
[Round "5"]
[White "Hansen, Ola"]
[Black "Schjelderup, Nils J"]
[Result "1/2-1/2"]
[WhiteElo "1531"]
[BlackElo "1545"]
[PlyCount "50"]
[EventDate "2009.??.??"]

1. e4 d5 2. exd5 Qxd5 3. Qf3 Qa5 4. Bc4 Nf6 5. Ne2 c6 6. O-O Nbd7 7. d4 Nb6 8.
Bd3 Bg4 9. Qg3 Nbd7 10. c4 e6 11. Bd2 Qb6 12. f3 Bh5 13. c5 Qd8 14. Be3 Bg6 15.
Bxg6 hxg6 16. Nbc3 Be7 17. Rad1 Nb8 18. b4 Na6 19. a3 Nc7 20. Qf2 Ncd5 21. Bc1
Nxc3 22. Nxc3 Nd5 23. Ne4 Qc7 24. g3 Rd8 25. Rd3 Rh5 1/2-1/2

[Event "NNM LAG"]
[Site "SCANDIC TROMSØ"]
[Date "2009.02.20"]
[Round "5"]
[White "Eide, Christer"]
[Black "Larsen, Andreas"]
[Result "0-1"]
[WhiteElo "1217"]
[BlackElo "1736"]
[PlyCount "66"]
[EventDate "2009.??.??"]

1. e4 d5 2. exd5 Nf6 3. d4 Nxd5 4. Nf3 Bf5 5. Bc4 e6 6. O-O Be7 7. Nc3 Nxc3 8.
bxc3 O-O 9. Rb1 Qc8 10. Re1 Bf6 11. Ba3 Rd8 12. Bd3 Bg6 13. Ne5 Nd7 14. Nxg6
hxg6 15. Qf3 c5 16. Rxb7 cxd4 17. cxd4 Qc3 18. Bb4 Qxd4 19. c3 Qd5 20. Be4 Qd2
21. c4 Ne5 22. Bxd2 Nxf3+ 23. Bxf3 Rxd2 24. Rc7 Rb8 25. Rb7 Rxb7 26. Bxb7 Bd4
27. Rf1 Rxa2 28. Bc6 a6 29. g3 Rc2 30. Bb7 a5 31. Ba6 a4 32. Kg2 a3 33. c5 Rxc5
0-1

[Event "NNM LAG"]
[Site "SCANDIC TROMSØ"]
[Date "2009.02.20"]
[Round "5"]
[White "Hanssen, Gunnar B"]
[Black "Moen, Steinar"]
[Result "0-1"]
[WhiteElo "2139"]
[BlackElo "2109"]
[PlyCount "36"]
[EventDate "2009.??.??"]

1. d4 {[%emt 0:00:00]} Nf6 {[%emt 0:00:00]} 2. Nf3 e6 3. c4 d5 4. g3 Be7 5. Bg2
O-O 6. O-O c6 7. Qc2 b6 8. b3 Bb7 9. Nc3 Nbd7 {[%emt 0:00:00]} 10. Rd1 {[%emt
0:00:00]} Rc8 11. e4 c5 12. exd5 exd5 13. Qf5 g6 {[%emt 0:00:00]} 14. Qh3 Re8
15. Ng5 h5 16. Nxd5 Nxd5 17. Ne6 fxe6 18. Qxe6+ Kg7 0-1

[Event "NNM LAG"]
[Site "SCANDIC TROMSØ"]
[Date "2009.02.20"]
[Round "5"]
[White "Rølvåg, Mikael"]
[Black "Røyset, Pål"]
[Result "1/2-1/2"]
[WhiteElo "2063"]
[BlackElo "2228"]
[PlyCount "87"]
[EventDate "2009.??.??"]

1. d4 {[%emt 0:00:00]} Nf6 {[%emt 0:00:00]} 2. Nf3 d5 3. c4 e6 4. Nc3 Be7 5.
Bf4 c5 6. e3 Nc6 7. dxc5 O-O 8. cxd5 {[%emt 0:00:00]} Nxd5 9. Nxd5 exd5 10. Bd3
Bg4 11. a3 a5 {[%emt 0:00:00]} 12. Qc2 {[%emt 0:00:00]} Bxf3 13. gxf3 g6 14. b3
b6 15. Bb5 Bxc5 16. O-O Qf6 17. Bg3 Ne7 18. Kg2 h5 19. h3 h4 20. Bh2 Rac8 21.
Ba6 Bxe3 22. Bxc8 Rxc8 23. Qe2 Nf5 24. Ra2 Bd4 25. Rd1 Ng7 26. Rc2 Re8 27. Qd2
Ne6 28. f4 Bc5 29. Qxd5 Rd8 30. Qf3 Nd4 31. Qd3 Bxa3 32. Rc4 Bc5 33. f3 Rd6 34.
Qc3 Qd8 35. Bg1 Ne6 36. Rxd6 Qxd6 37. Bh2 Qd1 38. Re4 Bd4 39. Qe1 Qxb3 40. f5
gxf5 41. Re2 Bf6 42. Qc1 Qc3 43. Rc2 Qd3 44. Rd2 1/2-1/2

[Event "NNM LAG"]
[Site "SCANDIC TROMSØ"]
[Date "2009.02.20"]
[Round "5"]
[White "Kristensen, Kjell Ole"]
[Black "Arvola, Benjamin"]
[Result "0-1"]
[WhiteElo "1994"]
[BlackElo "2114"]
[PlyCount "80"]
[EventDate "2009.??.??"]

1. e4 {[%emt 0:00:00]} e5 2. Bc4 Nf6 3. d3 Be7 4. Nf3 d6 5. c3 O-O 6. O-O c6 7.
Bb3 Be6 {[%emt 0:00:00]} 8. Bc2 Nbd7 9. Re1 Qc7 10. Nbd2 d5 11. Nf1 dxe4 12.
dxe4 Nc5 13. Qe2 {[%emt 0:00:00]} Rad8 14. h3 {[%emt 0:00:00]} b6 {[%emt 0:00:
00]} 15. g4 Bc8 16. Ng3 Ba6 17. c4 g6 18. b3 Ne6 19. Bb2 Nd7 20. Qe3 f6 {[%emt
0:00:00]} 21. Ne2 Bc5 22. Qh6 Rf7 23. Rad1 Bb7 24. Rd3 Bf8 25. Qd2 c5 26. Qe3
Nd4 27. Bd1 Bg7 28. Ng3 Nf8 29. Nxd4 cxd4 30. Qf3 Ne6 31. Kh2 Nc5 32. Rd2 Bh6
33. Rc2 d3 34. Rc3 Bd2 35. Rg1 Qc6 36. b4 Bxc3 37. Bxc3 Nxe4 38. b5 Qxc4 39.
Bb3 Nxc3 40. Qe3 Qf4 0-1